01834njm a2200349Ia 450000100060000000300090000600500170001500800410003204000130007304000130008610000110009910000180011010000380012824500150016625000110018126000120019226000530020430000100025730000300026750000230029750502250032065000530054570000550059870000900065370000900074370000950083370001210092870001130104970001520116270000840131470000860139883674IT-RoPAU20220918181119.0131025s9999 xx 000 0 und d aIT-RoPAU cIT-RoPAU aAA.VV. eAutore musica gCodice autore musica SPICS: 12000 aWorld Beat a1a ed. aHOLLAND bCBSc1989 [1a Ed.:1989 - Ed. Lingua Orig.: 1989] aDISCO c42 minuti (Testo: 0 pag.) aMusica strumentale aLambada (4:00) - Lambareggae (4:00) - Dancando lambada (5:00) - Lambamor (5:00) - Lamba caribe (5:00) - Melodie d'amour (5:00) - Salsa nuestra (5:00) - Sindiang (4:00) - Sopenala (5:00) - Jambé finete [(Grille) (5:00)] aSTRUMENTALE [DISCHI]eCodice MATERIA SPICS: 9950 aKaoma gCodice interprete SPICS: 29515eInterprete aDe Oliveira C.gCodice autore testo/musica SPICS: 29516eAutore testo/musicapLambada aOrlando J.gCodice autore testo/musica SPICS: 29517eAutore testo/musicapLambareggae aZè MariagCodice autore testo/musica SPICS: 29518eAutore testo/musicapDancando lambada aBraz L.gCodice autore musica SPICS: 29519eAutore musicapLambamor - Lamba caribe - Melodie d'amour - Salsa nuestra aArconte J.gCodice autore testo/musica SPICS: 29520eAutore testo/musicapLambamor - Jambé finete (Grille) aBonaventure Jc.gCodice autore testo/musica SPICS: 29521eAutore testo/musicapLamba caribe - Melodie d'amour - Salsa nuestra - Sindiang - Sopenala aNiang F.gCodice autore musica SPICS: 29522eAutore musicapSindiang - Sopenala aDru R.gCodice autore musica SPICS: 29523eAutore musicapJambé finete (Grille)